Datum a čas kvízu

24.5 Celkem bodů Celkový počet nahraných bodů na tomto kvízu bez doplňovacích otázek.
10. Pořadí na kvízu Konečné umístění týmu na tomto kvízu.

Zaznamenané odpovědi

# Otázka Odpověď Body Výsledky
1. Jak se nazývá zámek nedaleko P... Štiřín 1
2. Buckinghamský palác odhalil v... D) motýl 0
3. Minulý týden začal režisér Tom... Tři princezny 0
4. Bývalá manželka Billa Gatese M... Gatesova nadace 0
5. V sobotu se v Rijádu konal dlo... Tyson Fury, Oleksandr Usyk 0.5
6. Bájného českého knížete Kroka,... Krakov 1
7. Podle pověsti prý zvony z kost... ve čtvrtek (na Zelený čtvrtek) 1
8. Přiřaďte k sobě dvojice hrdinů... 1D 2C 3A 4B 1
9. O hřbitovním kostele sv. Maří... Svatební košile 1
10. Pokud dokážete určit, co tento... Stadice 0